000 00490nam a2200169Ia 4500
008 240729s9999 xx 000 0 und d
022 _a2314-7253
245 0 _aFuture Journal of Pharmaceutical Sciences
260 _aUnited Kingdom
260 _bSpringerOpen
650 _a Pharmacy and materia medica
650 _a Therapeutics. Pharmacology | Medicine
650 _aMedicine
856 _uhttps://doaj.org/toc/51f1395e794f440ebe7af313841f7f63
942 _2ddc
942 _cDOAJEJ
999 _c66130
_d66130
945 _a1
_bMadushi Gamage
_c1
_dMadushi Gamage